000 01901nam0a2200385 4500
001 RU\NLR\BIBL_A\012386401
005 20211214114127.0
010 _a978-5-9940-0656-6
_9300
021 _aRU
_bКН-П-20-037671
_9КН-П-20-2852
035 _a(NLR Aleph) 012386401
035 _a(RuMoRGB)010367041
090 _a11653883
_c11653883
100 _a20201023d2019 k y0rusy50 ca
101 0 _arus
_deng
102 _aRU
105 _aa|||zzzz000zy
181 0 _ai
_baxxe
182 0 _an
200 1 _aУправление государственным имуществом в современной России: эволюция концепций, инструментов, механизмов
_e[научный доклад]
_fС. В. Козлова, С. А. Братченко, П. С. Звягинцев
203 _aТекст
_bвизуальный
_cнепосредственный
210 _aМосква
_cИнститут экономики
_d2019
215 _a58 с.
_cил.
_d24
225 1 _aНаучные доклады Института экономики РАН
300 _aРез. англ.
320 _aБиблиогр.: с. 55-58 (49 назв.) и в подстроч. примеч.
606 1 _aГосударственная собственность
_xУправление
_yРоссийская Федерация
_jЛекции, доклады и т.п
_2nlr_sh1
_2nlr_sh2
_3RU\NLR\AUTH\661245359
610 0 _aгосударственное имущество, управление
686 1 _aУ9(2)-14-21(2Р)
700 1 _aКозлова
_bС. В.
_cд-р экон. наук
_gСветлана Вячеславовна
_3RU\NLR\AUTH\7764935
701 1 _aБратченко
_bС. А.
701 1 _aЗвягинцев
_bП. С.
942 _cBOOK
980 _aNBR
980 _aNB